Pivo so zlatou korunou

História firmy Kráľovského pivovaru Krušovice. Imidžová stratégia a základ marketingovej filozofie.

Uložené v:
Podrobná bibliografia
Hlavný autor: Reisel, Marián
Médium: Kapitola
Jazyk:Slovak
Predmet:
Tagy: Pridať tag
Žiadne tagy, Buďte prvý, kto otaguje tento záznam!

MARC

LEADER 00000naa a2200000 4500
001 r033873
005 20230606081843.5
041 0 |a slo 
044 |a SK 
245 1 0 |a Pivo so zlatou korunou  |c Marián Reisel 
520 |a História firmy Kráľovského pivovaru Krušovice. Imidžová stratégia a základ marketingovej filozofie. 
610 2 0 |a pivo 
610 2 0 |a priemysel pivovarnícky 
610 2 0 |a stratégia marketingová 
610 2 0 |a marketing 
610 2 0 |a investície 
610 2 0 |a vývoz 
100 1 |a Reisel, Marián